000 00943nam a2200265 a 4500
001 sjdszsolco b3539777
003 sjds
005 20240317203702.0
008 060405s2001 maua j 000 1 spa d
010 _a 2001096431
020 _a0316167940 :
_c$14.95
020 _a9780316167949
040 _csjds
041 1 _aspa
_heng
100 1 _aShriver, Maria.
240 1 0 _aWhat's wrong with Timmy?
_lSpanish.
245 1 0 _aQue le pasa a Timmy? /
_cpor Maria Shriver ; ilustraciones de Sandra Speidel ; traduccion de Jilly Syverson-Stork.
260 _bWarner Books y Little, Brown,
_cc2001.
300 _a1 v. (unpaged) :
_bcol. ill. ;
_c20 cm.
520 _aMaking friends with a mentally retarded boy helps Kate learn that the two of them have a lot in common.
650 7 _aRetrasados mentales
_vNovela juvenil.
_2bidex.
650 7 _aAmistad
_vNovela juvenil.
_2bidex.
700 1 _aSpeidel, Sandra,
_eill.
942 _cBK
_2ddc
999 _c29385
_d29383